| 000 | 00435nam a2200181Ia 4500 | ||
|---|---|---|---|
| 005 | 20250423101200.0 | ||
| 008 | 250422s9999 xx 000 0 und d | ||
| 020 | _a9870435927844 | ||
| 050 | _aPR 9379.9 .S4 B5/ | ||
| 100 | _aSekyi, Kobina | ||
| 245 | 4 | _aThe blinkards : a comedy and the anglo-fanti | |
| 260 | _aLondon | ||
| 260 | _bHeinemann | ||
| 260 | _c1997 | ||
| 300 | _a256 p | ||
| 650 | _aAfrica-- Drama | ||
| 942 | _cBK | ||
| 999 |
_c35541 _d35541 |
||